[Event "PMPJ 2022 - C15"]
[Site "Jastrzebia Gora"]
[Date "2022.11.12"]
[Round "9.23"]
[White "Nawrocki, Michal"]
[Black "Pozoga, Adam"]
[Result "1-0"]
[BlackElo "1229"]
[WhiteElo "1432"]
[LiveChessVersion "1.4.4"]

1. e4 {[%clk 1:30:59]} e6 {[%clk 1:30:53]} 2. b3 {[%clk 1:31:23]} d5
{[%clk 1:29:28]} 3. Bb2 {[%clk 1:31:46]} Nf6 4. exd5 {[%clk 1:31:51]} exd5
{[%clk 1:27:52]} 5. Nf3 {[%clk 1:32:14]} Nc6 {[%clk 1:24:27]} 6. Bb5
{[%clk 1:31:06]} Be7 {[%clk 1:22:11]} 7. O-O {[%clk 1:31:05]} O-O
{[%clk 1:21:58]} 8. d4 {[%clk 1:30:49]} Bg4 {[%clk 1:19:47]} 9. Be2
{[%clk 1:30:42]} Bd6 {[%clk 1:15:29]} 10. Nbd2 {[%clk 1:27:08]} Ne7
{[%clk 1:11:09]} 11. Ne5 {[%clk 1:26:48]} Bxe2 {[%clk 1:10:54]} 12. Qxe2
{[%clk 1:27:16]} Ng6 {[%clk 1:11:06]} 13. f4 {[%clk 1:26:05]} Nd7
{[%clk 1:09:58]} 14. Rae1 {[%clk 1:24:43]} Re8 {[%clk 1:09:59]} 15. Qg4
{[%clk 1:23:37]} Nf6 {[%clk 1:08:19]} 16. Qh3 {[%clk 1:22:41]} c6
{[%clk 1:04:04]} 17. f5 {[%clk 1:20:28]} Nf8 {[%clk 1:03:08]} 18. Re3
{[%clk 1:17:26]} N8d7 {[%clk 0:59:07]} 19. Ndf3 {[%clk 1:13:37]} Ne4
{[%clk 0:57:11]} 20. Nxd7 {[%clk 1:10:32]} Qxd7 {[%clk 0:57:17]} 21. Ne5
{[%clk 1:10:17]} Qc7 {[%clk 0:56:15]} 22. Nd3 {[%clk 1:08:35]} Ng5
{[%clk 0:52:31]} 23. Rxe8+ {[%clk 1:08:45]} Rxe8 {[%clk 0:52:26]} 24. Qh5
{[%clk 1:08:44]} Ne4 {[%clk 0:52:03]} 25. Re1 {[%clk 1:07:28]} Nf6
{[%clk 0:50:02]} 26. Rxe8+ {[%clk 1:07:49]} Nxe8 {[%clk 0:50:29]} 27. Ne5
{[%clk 1:05:49]} Nf6 {[%clk 0:48:16]} 28. Qe2 {[%clk 1:05:49]} Ne4
{[%clk 0:48:26]} 29. Nf3 {[%clk 1:05:11]} f6 {[%clk 0:46:28]} 30. c4
{[%clk 1:02:03]} Bf4 {[%clk 0:40:30]} 31. a4 {[%clk 0:53:52]} Bh6
{[%clk 0:35:24]} 32. cxd5 {[%clk 0:52:43]} cxd5 {[%clk 0:36:14]} 33. Qb5
{[%clk 0:52:45]} Qc6 {[%clk 0:36:14]} 34. Qa5 {[%clk 0:51:13]} Bc1
{[%clk 0:25:57]} 35. Qd8+ {[%clk 0:47:53]} Kf7 {[%clk 0:26:09]} 36. Ba1
{[%clk 0:46:30]} Be3+ {[%clk 0:21:46]} 37. Kf1 {[%clk 0:46:51]} Qa6+
{[%clk 0:20:53]} 38. Ke1 {[%clk 0:47:08]} Bf2+ {[%clk 0:19:38]} 39. Kd1
{[%clk 0:47:24]} Qd3+ {[%clk 0:19:32]} 40. Kc1 {[%clk 0:47:41]} Be3+
{[%clk 0:19:08]} 41. Kb2 {[%clk 0:47:56]} Qc3+ {[%clk 0:18:46]} 42. Ka2
{[%clk 0:47:19]} Qc2+ {[%clk 0:13:59]} 43. Bb2 {[%clk 0:46:34]} Nc3+
{[%clk 0:05:24]} 44. Ka3 {[%clk 0:46:53]} Bc1 {[%clk 0:04:56]} 45. Qc7+
{[%clk 0:46:44]} Kf8 {[%clk 0:05:13]} 46. Qc8+ {[%clk 0:46:16]} Kf7
{[%clk 0:04:54]} 47. Qxb7+ {[%clk 0:45:50]} Kf8 {[%clk 0:05:18]} 48. Qb8+
{[%clk 0:46:04]} Kf7 {[%clk 0:05:38]} 49. Qxa7+ {[%clk 0:46:27]} Kf8
{[%clk 0:06:04]} 50. Qc5+ {[%clk 0:46:28]} Kf7 {[%clk 0:06:26]} 51. Bxc1
{[%clk 0:46:17]} Qxc1+ {[%clk 0:05:54]} 52. Kb4 {[%clk 0:46:36]} Na2+
{[%clk 0:05:55]} 53. Ka5 {[%clk 0:46:45]} Qf4 {[%clk 0:05:33]} 54. Qxd5+
{[%clk 0:46:55]} Kf8 {[%clk 0:05:25]} 55. Qc5+ {[%clk 0:47:07]} Kf7
{[%clk 0:05:58]} 56. b4 {[%clk 0:46:40]} Nc1 {[%clk 0:06:11]} 57. Qd5+
{[%clk 0:46:37]} Kf8 {[%clk 0:06:35]} 58. Qd8+ {[%clk 0:46:25]} Kf7
{[%clk 0:06:58]} 59. b5 {[%clk 0:46:35]} Nb3+ {[%clk 0:07:11]} 60. Kb6
{[%clk 0:46:35]} Qxf5 {[%clk 0:07:33]} 61. Qc7+ {[%clk 0:46:17]} Kf8
{[%clk 0:07:53]} 62. Qd6+ {[%clk 0:46:31]} Kf7 {[%clk 0:08:16]} 63. a5
{[%clk 0:46:40]} Qc8 {[%clk 0:07:43]} 64. Qc7+ {[%clk 0:46:43]} Qxc7+
{[%clk 0:08:10]} 65. Kxc7 {[%clk 0:47:03]} Nxa5 {[%clk 0:08:37]} 66. d5
{[%clk 0:47:23]} Nb3 {[%clk 0:08:30]} 67. d6 {[%clk 0:47:42]} Nc5
{[%clk 0:08:50]} 68. d7 {[%clk 0:47:57]} Ne6+ {[%clk 0:09:12]} 69. Kc8
{[%clk 0:48:17]} Ke7 {[%clk 0:09:38]} 70. Nd4 {[%clk 0:48:37]} 1-0

[Event "PMPJ 2022 - C15"]
[Site "Jastrzebia Gora"]
[Date "2022.11.12"]
[Round "9.24"]
[White "Mazurek, Filip"]
[Black "Spytek, Hubert"]
[Result "1-0"]
[BlackElo "1416"]
[WhiteElo "1269"]
[LiveChessVersion "1.4.4"]

1. e4 {[%clk 1:30:55]} d5 2. exd5 Qxd5 3. Nf3 Nf6 {[%clk 1:31:29]} 4. Nc3
{[%clk 1:31:44]} Qd6 {[%clk 1:31:53]} 5. d4 {[%clk 1:32:01]} a6 {[%clk 1:32:15]}
6. g3 Bg4 7. Bg2 Bxf3 8. Bxf3 c6 9. O-O e6 10. Bf4 {[%clk 1:30:57]} Qd8
{[%clk 1:26:14]} 11. Ne2 {[%clk 1:25:02]} Bd6 12. c4 O-O {[%clk 1:19:11]} 13. Qd2
{[%clk 1:22:07]} Bxf4 {[%clk 1:10:35]} 14. Nxf4 {[%clk 1:21:38]} Qb6
{[%clk 1:11:10]} 15. Rfd1 {[%clk 1:18:39]} Rd8 {[%clk 1:09:31]} 16. Qc3
{[%clk 1:18:40]} Nbd7 {[%clk 1:04:34]} 17. Rac1 {[%clk 1:17:00]} Rac8
{[%clk 1:04:35]} 18. b3 {[%clk 1:16:31]} Nf8 {[%clk 0:54:44]} 19. Rd3
{[%clk 1:14:53]} Rd7 {[%clk 0:54:30]} 20. Rcd1 {[%clk 1:15:09]} Rcd8
{[%clk 0:54:34]} 21. d5 {[%clk 1:12:02]} exd5 {[%clk 0:22:40]} 22. cxd5
{[%clk 1:10:05]} c5 {[%clk 0:21:47]} 23. Rc1 {[%clk 1:03:25]} Rc7
{[%clk 0:18:28]} 24. b4 {[%clk 0:55:36]} N8d7 {[%clk 0:18:02]} 25. d6
{[%clk 0:43:53]} Rcc8 {[%clk 0:17:37]} 26. Nd5 {[%clk 0:42:46]} Nxd5
{[%clk 0:04:57]} 27. Bxd5 {[%clk 0:42:38]} c4 {[%clk 0:01:40]} 28. Bxc4
{[%clk 0:39:00]} Nf6 {[%clk 0:01:10]} 29. Qb3 {[%clk 0:37:23]} Ne4
{[%clk 0:00:53]} 30. Bxf7+ {[%clk 0:27:58]} Kh8 {[%clk 0:00:46]} 31. Rf1
{[%clk 0:28:04]} Ng5 {[%clk 0:00:39]} 32. d7 {[%clk 0:22:10]} Rc7
{[%clk 0:00:41]} 33. Be8 {[%clk 0:22:01]} Qf6 {[%clk 0:00:35]} 34. h4 Ne4 35. Rf3
{[%clk 0:20:32]} Qd6 {[%clk 0:00:34]} 36. Qf7 {[%clk 0:19:49]} Nf6
{[%clk 0:00:46]} 37. Re1 {[%clk 0:17:33]} h6 {[%clk 0:00:55]} 38. Re7 Qd1+ 39.
Kg2 {[%clk 0:17:58]} Nh5 {[%clk 0:01:00]} 40. Qf8+ {[%clk 0:17:47]} Kh7
{[%clk 0:01:18]} 41. Bg6+ {[%clk 0:18:07]} Kxg6 {[%clk 0:01:04]} 42. Qf5#
{[%clk 0:18:31]} 1-0

[Event "PMPJ 2022 - C15"]
[Site "Jastrzebia Gora"]
[Date "2022.11.12"]
[Round "9.25"]
[White "Klys, Kacper"]
[Black "Brudzynski, Wojciech"]
[Result "1/2-1/2"]
[BlackElo "1246"]
[WhiteElo "1406"]
[LiveChessVersion "1.4.4"]

1. d4 {[%clk 1:30:59]} d5 {[%clk 1:30:53]} 2. Nf3 {[%clk 1:31:27]} Nf6
{[%clk 1:31:15]} 3. c4 {[%clk 1:31:53]} e6 {[%clk 1:31:33]} 4. Nc3
{[%clk 1:32:22]} c6 {[%clk 1:31:17]} 5. e3 {[%clk 1:32:37]} Nbd7 {[%clk 1:31:31]}
6. Bd2 {[%clk 1:32:40]} Be7 {[%clk 1:31:12]} 7. Rc1 {[%clk 1:33:04]} a6 8. cxd5
{[%clk 1:32:45]} cxd5 {[%clk 1:30:43]} 9. Bd3 {[%clk 1:32:37]} O-O
{[%clk 1:30:25]} 10. O-O {[%clk 1:33:03]} b5 {[%clk 1:29:57]} 11. a3
{[%clk 1:33:15]} Bb7 {[%clk 1:30:02]} 12. Na2 {[%clk 1:31:12]} Qb6
{[%clk 1:27:01]} 13. Qb3 {[%clk 1:30:20]} Rfc8 {[%clk 1:24:30]} 14. Bb1
{[%clk 1:28:24]} Ne4 {[%clk 1:21:06]} 15. Bb4 {[%clk 1:27:57]} Bxb4
{[%clk 1:19:54]} 16. Nxb4 {[%clk 1:27:41]} Nd6 {[%clk 1:18:31]} 17. Qd3
{[%clk 1:21:04]} Nf6 {[%clk 1:18:38]} 18. b3 {[%clk 1:20:17]} Rc7
{[%clk 1:16:29]} 19. Rxc7 {[%clk 1:19:11]} Qxc7 {[%clk 1:17:28]} 20. Na2
{[%clk 1:19:14]} Rc8 21. Nd2 {[%clk 1:19:03]} Nde4 {[%clk 1:12:53]} 22. Rc1
{[%clk 1:18:42]} Qd7 {[%clk 1:12:04]} 23. b4 {[%clk 1:11:16]} Rxc1+
{[%clk 1:09:24]} 24. Nxc1 {[%clk 1:11:13]} Qc7 {[%clk 1:09:38]} 25. Ncb3
{[%clk 1:09:41]} Ng4 {[%clk 1:05:26]} 26. f4 {[%clk 1:08:05]} Qc3
{[%clk 1:01:42]} 27. Qxc3 {[%clk 1:03:59]} Nxc3 {[%clk 1:02:10]} 28. Nc5
{[%clk 1:04:11]} Bc8 {[%clk 1:02:19]} 29. Bd3 {[%clk 1:03:38]} Nxe3
{[%clk 1:02:09]} 30. Ndb3 {[%clk 1:04:07]} Nc4 {[%clk 1:01:09]} 31. Bxc4
{[%clk 1:04:01]} dxc4 {[%clk 1:01:17]} 32. Na5 {[%clk 1:04:30]} Ne2+
{[%clk 1:00:57]} 33. Kf2 {[%clk 1:04:58]} Nxd4 {[%clk 1:01:10]} 34. Ke3
{[%clk 1:05:17]} Nf5+ {[%clk 0:59:49]} 35. Kd2 {[%clk 1:04:49]} Ne7
{[%clk 1:00:08]} 36. Ne4 {[%clk 1:04:46]} Bd7 {[%clk 0:58:49]} 37. Nc5
{[%clk 1:04:59]} Bc8 {[%clk 0:59:15]} 38. Ne4 {[%clk 1:05:25]} Kf8
{[%clk 0:58:39]} 39. Nc5 {[%clk 1:04:26]} f5 {[%clk 0:58:20]} 40. Nab7
{[%clk 1:03:35]} Bxb7 {[%clk 0:58:18]} 41. Nxb7 {[%clk 1:04:04]} Nd5
{[%clk 0:58:36]} 42. Nc5 {[%clk 1:04:08]} Nc7 {[%clk 0:59:00]} 43. Ke3
{[%clk 1:03:04]} h6 {[%clk 0:57:51]} 44. Kd4 {[%clk 1:02:59]} Ke7
{[%clk 0:57:03]} 45. Ke5 {[%clk 1:02:07]} c3 {[%clk 0:48:52]} 46. Nb3
{[%clk 1:00:04]} Nd5 {[%clk 0:48:21]} 47. g3 {[%clk 1:00:09]} Ne3
{[%clk 0:48:24]} 48. Kd4 {[%clk 1:00:16]} Nd5 {[%clk 0:43:10]} 49. Kd3
{[%clk 0:59:57]} g5 {[%clk 0:42:05]} 50. fxg5 {[%clk 1:00:00]} hxg5
{[%clk 0:42:34]} 51. Nc5 {[%clk 1:00:30]} Nc7 {[%clk 0:41:54]} 52. Kxc3
{[%clk 1:00:35]} Kf6 {[%clk 0:41:51]} 53. Kd3 {[%clk 0:58:35]} e5
{[%clk 0:36:46]} 54. g4 {[%clk 0:57:17]} 1/2-1/2

[Event "PMPJ 2022 - C15"]
[Site "Jastrzebia Gora"]
[Date "2022.11.12"]
[Round "9.26"]
[White "Skrzypczak, Jan"]
[Black "Palasz, Jakub"]
[Result "1/2-1/2"]
[BlackElo "1170"]
[WhiteElo "1536"]
[LiveChessVersion "1.4.4"]

1. e4 {[%clk 1:30:58]} d5 {[%clk 1:30:57]} 2. exd5 {[%clk 1:31:26]} Qxd5
{[%clk 1:31:19]} 3. Nc3 {[%clk 1:31:53]} Qa5 {[%clk 1:31:40]} 4. d4
{[%clk 1:32:03]} c6 {[%clk 1:32:04]} 5. Nf3 {[%clk 1:32:23]} Nf6 {[%clk 1:32:26]}
6. Ne5 {[%clk 1:32:32]} Bf5 {[%clk 1:32:16]} 7. Bc4 {[%clk 1:32:52]} e6
{[%clk 1:32:20]} 8. g4 {[%clk 1:33:08]} Bg6 {[%clk 1:30:36]} 9. h4
{[%clk 1:33:14]} Be4 {[%clk 1:29:36]} 10. f3 {[%clk 1:20:41]} Bd5
{[%clk 1:29:47]} 11. Bxd5 {[%clk 1:19:47]} Nxd5 {[%clk 1:30:06]} 12. Bd2
{[%clk 1:18:48]} Nd7 {[%clk 1:23:16]} 13. Nxd7 {[%clk 0:54:09]} Kxd7
{[%clk 1:23:28]} 14. Nxd5 {[%clk 0:53:25]} Qxd5 {[%clk 1:23:52]} 15. Qe2
{[%clk 0:50:00]} Bd6 {[%clk 1:20:22]} 16. O-O {[%clk 0:35:09]} h5
{[%clk 1:13:50]} 17. c4 {[%clk 0:31:00]} Qxd4+ {[%clk 1:13:49]} 18. Be3
{[%clk 0:31:18]} Qf6 {[%clk 1:13:09]} 19. g5 {[%clk 0:24:35]} Qe7
{[%clk 1:12:37]} 20. Qd2 {[%clk 0:21:11]} Kc7 {[%clk 1:12:23]} 21. Bf4
{[%clk 0:16:01]} Rad8 {[%clk 1:11:47]} 22. Bxd6+ {[%clk 0:11:57]} Qxd6
{[%clk 1:11:50]} 23. Qxd6+ {[%clk 0:07:56]} Rxd6 {[%clk 1:12:13]} 24. b3
{[%clk 0:07:49]} Rd2 25. Rf2 {[%clk 0:07:44]} Rhd8 {[%clk 1:11:51]} 26. Raf1
{[%clk 0:07:33]} R8d4 {[%clk 1:11:20]} 27. f4 {[%clk 0:07:31]} Kd6
{[%clk 1:11:09]} 28. Kg2 {[%clk 0:06:47]} Kc5 {[%clk 1:10:37]} 29. Kg3
{[%clk 0:06:49]} R4d3+ {[%clk 1:10:07]} 30. Kg2 {[%clk 0:07:01]} Kb4
{[%clk 1:09:52]} 31. a3+ {[%clk 0:06:54]} Kc5 {[%clk 1:08:42]} 32. Rb1
{[%clk 0:06:03]} Kd4 {[%clk 1:08:25]} 33. Rxd2 {[%clk 0:05:07]} Rxd2+
{[%clk 1:08:48]} 34. Kf3 {[%clk 0:05:37]} Kc3 {[%clk 1:08:42]} 35. Ke4
{[%clk 0:05:33]} Kc2 {[%clk 1:08:57]} 36. Re1 {[%clk 0:05:51]} Rh2
{[%clk 1:07:48]} 37. g6 {[%clk 0:05:50]} f6 {[%clk 1:07:42]} 38. Kf3
{[%clk 0:06:01]} Rxh4 {[%clk 1:07:48]} 39. Rxe6 {[%clk 0:06:22]} Rg4
{[%clk 1:07:59]} 40. f5 {[%clk 0:06:40]} Kxb3 {[%clk 1:03:36]} 41. Re7
{[%clk 0:06:52]} Kxc4 {[%clk 1:03:31]} 42. Rxg7 {[%clk 0:05:29]} Kd5
{[%clk 1:03:06]} 43. Rxb7 {[%clk 0:03:41]} Ke5 {[%clk 1:02:31]} 44. Rxa7
{[%clk 0:03:51]} Kxf5 {[%clk 1:02:52]} 45. g7 {[%clk 0:03:55]} Rg6
{[%clk 1:02:55]} 46. Ra5+ {[%clk 0:03:34]} Ke6 {[%clk 1:03:16]} 47. Rxh5
{[%clk 0:03:23]} Rxg7 {[%clk 1:03:41]} 48. Rc5 {[%clk 0:03:27]} Kd6
{[%clk 1:04:05]} 49. Rf5 {[%clk 0:03:46]} Ra7 {[%clk 1:03:31]} 50. Rxf6+
{[%clk 0:03:33]} Kc5 {[%clk 1:03:52]} 51. Ke2 {[%clk 0:02:15]} Rxa3
{[%clk 1:04:10]} 52. Rf4 {[%clk 0:02:07]} Kb5 {[%clk 1:04:25]} 53. Kd2
{[%clk 0:02:20]} c5 {[%clk 1:04:23]} 54. Kc2 {[%clk 0:02:31]} c4 {[%clk 1:04:42]}
55. Rf8 {[%clk 0:01:59]} Ra6 {[%clk 1:04:32]} 56. Rb8+ {[%clk 0:01:47]} Rb6
{[%clk 1:04:49]} 57. Rxb6+ {[%clk 0:00:54]} Kxb6 {[%clk 1:05:12]} 58. Kc3
{[%clk 0:01:21]} Kc5 {[%clk 1:05:36]} 59. Kc2 {[%clk 0:01:45]} 1/2-1/2

[Event "PMPJ 2022 - C15"]
[Site "Jastrzebia Gora"]
[Date "2022.11.12"]
[Round "9.27"]
[White "Klyus, Ivan"]
[Black "Kozik, Maksymilian"]
[Result "1/2-1/2"]
[BlackElo "1341"]
[WhiteElo "1196"]
[LiveChessVersion "1.4.4"]

1. e4 e5 2. Nf3 Nf6 3. d4 Nxe4 4. dxe5 d5 5. Nbd2 Nxd2 6. Qxd2 Nc6 7. Qf4 Be7 8.
Qg3 g6 9. Bb5 Bd7 10. O-O Na5 11. Bxd7+ Qxd7 12. Rd1 O-O-O 13. Be3 Kb8 14. Qf4
Qe6 15. Nd4 Qd7 16. Qxf7 Qe8 17. Qxe8 Rhxe8 18. Bf4 Bc5 19. Nf3 Nc6 20. a3 Bf8
21. Rd2 Bg7 22. Re1 h6 23. h4 Ne7 24. Red1 c6 25. c4 Kc8 26. Rc2 dxc4 27. Rxd8+
Rxd8 28. Rxc4 Nd5 29. Re4 Re8 30. Bg3 Kd7 31. Nd4 Nc7 32. Nf3 Ke6 33. Rg4 Kf7 34.
Rf4+ Kg8 35. Rg4 Kh7 36. Re4 Nd5 37. Kf1 Nf6 38. Rb4 Nd5 39. Rxb7 a5 40. Ra7 Rb8
41. Rxa5 Rxb2 42. Rc5 Rb1+ 43. Ke2 Rb2+ 44. Kd3 Rb3+ 45. Kc4 Rxa3 46. Rxc6 Ne7
47. Rc7 Bf8 48. Nd4 Kg8 49. Ne6 Ra1 50. Kd3 Ra3+ 51. Rc3 Ra8 52. Nxf8 Rxf8 53.
Ke2 Nf5 54. Ke1 h5 55. Rc6 Kh7 56. Rc7+ Kg8 57. Rc6 Kh7 58. Rc7+ Kg8 59. e6 Re8
60. Rc6 Nd4 61. Rc4 Rxe6+ 62. Kd2 Nf5 63. Rc3 Re4 64. Kd3 Rd4+ 65. Ke2 Nxh4 66.
Bxh4 Rxh4 67. Rg3 Kf7 68. Kf3 Kf6 69. Rh3 Ra4 70. g3 Ra5 71. Rh4 Rf5+ 72. Rf4
Rxf4+ 73. Kxf4 g5+ 74. Kf3 Kf5 75. g4+ hxg4+ 1/2-1/2

[Event "PMPJ 2022 - C15"]
[Site "Jastrzebia Gora"]
[Date "2022.11.12"]
[Round "9.28"]
[White "Szewczak, Filip"]
[Black "Matysik, Mateusz"]
[Result "0-1"]
[BlackElo "1095"]
[WhiteElo "1118"]
[LiveChessVersion "1.4.4"]

1. d4 Nf6 2. c4 g6 3. f3 d5 4. cxd5 Nxd5 5. e4 Nb6 6. Nc3 Bg7 7. Be3 O-O 8. Qd2
e5 9. d5 c6 10. O-O-O cxd5 11. exd5 N8d7 12. Kb1 Nf6 13. g4 e4 14. g5 Nh5 15.
fxe4 f5 16. gxf6 Nxf6 17. Bd4 Bd7 18. Be2 Re8 19. Bf3 Nc4 20. Qf4 Rf8 21. Qg3 Qa5
22. Qg2 Qb4 23. h4 Bg4 24. h5 Bxf3 25. Nxf3 Nxh5 26. Rxh5 Rxf3 27. Bxg7 Kxg7 28.
Rh2 Raf8 29. Qg1 R8f6 30. Qd4 Rf1 31. Rxf1 Na3+ 32. Kc1 Qxd4 33. Rfh1 Qe3+ 34.
Kd1 Qd3+ 0-1

[Event "PMPJ 2022 - C15"]
[Site "Jastrzebia Gora"]
[Date "2022.11.12"]
[Round "9.31"]
[White "Obidzinski, Cezary"]
[Black "Bialy, Borys"]
[Result "1-0"]
[BlackElo "1526"]
[WhiteElo "1261"]
[LiveChessVersion "1.4.4"]

1. d4 Nf6 2. Bf4 d5 3. Nf3 Bf5 4. e3 e6 5. Bd3 Bg6 6. c3 c6 7. O-O Bd6 8. h3 Bxf4
9. exf4 Bxd3 10. Qxd3 O-O 11. Nbd2 Nbd7 12. Ne5 Qc7 13. Rfe1 Rac8 14. f5 Rfe8 15.
Re3 exf5 16. Qxf5 Re6 17. Rae1 Rce8 18. Ndf3 h6 19. Nxd7 Qxd7 20. Ne5 Qe7 21. Rg3
Ne4 22. Rge3 Rf6 23. Qh5 Nxf2 24. Ng4 Ne4 25. Nxf6+ Qxf6 26. Rf3 Qe6 27. Qf5 Qe7
28. c4 Qf8 29. cxd5 Nd2 30. Rfe3 Rxe3 31. Rxe3 Nc4 32. Re1 g6 33. Qd7 1-0

[Event "PMPJ 2022 - C15"]
[Site "Jastrzebia Gora"]
[Date "2022.11.12"]
[Round "9.32"]
[White "Dechnik, Marcel"]
[Black "Magrel, Wiktor"]
[Result "1-0"]
[BlackElo "1170"]
[WhiteElo "1238"]
[LiveChessVersion "1.4.4"]

1. e4 c5 2. Nc3 g6 3. f4 Bg7 4. Nf3 Nc6 5. Bb5 Nd4 6. O-O a6 7. Bc4 e6 8. d3 b5
9. Bb3 Qb6 10. Kh1 Bb7 11. Nxd4 Bxd4 12. f5 gxf5 13. exf5 Qc6 14. Qe2 O-O-O 15.
a4 Ne7 16. axb5 axb5 17. fxe6 fxe6 18. Ne4 c4 19. c3 Bb6 20. Bc2 cxd3 21. Bxd3
Rhg8 22. Ng3 Qd6 23. Bf4 Qc5 24. Bxb5 Nf5 25. Ba6 Nxg3+ 26. Bxg3 Qd5 27. Bxb7+
Kxb7 28. Qa6+ Kc6 29. Qe2 Rxg3 30. hxg3 Qg5 31. Qc4+ Kb7 32. Qe4+ d5 33. Rf7+ Kc6
34. Qxe6+ Rd6 35. Qc8+ Kb5 36. Qa6+ Kc6 37. Qa4+ Kc5 38. b4+ Kc4 39. b5+ Kd3 40.
Rf3+ Be3 41. Rd1+ Ke2 42. Qc2+ Bd2 43. Rxd2+ Qxd2 44. Rf2+ 1-0

[Event "PMPJ 2022 - C17"]
[Site "Jastrzebia Gora"]
[Date "2022.11.06"]
[Round "1.1"]
[White "Jozefik, Aleksander"]
[Black "Madajczak, Piotr"]
[Result "0-1"]
[BlackElo "1902"]
[WhiteElo "1616"]
[LiveChessVersion "1.4.8"]

1. e4 {[%clk 1:30:55]} c6 {[%clk 1:30:51]} 2. d4 {[%clk 1:31:08]} d5
{[%clk 1:31:13]} 3. Nc3 {[%clk 1:31:05]} dxe4 {[%clk 1:31:22]} 4. Nxe4
{[%clk 1:31:10]} Nd7 {[%clk 1:31:32]} 5. Nf3 {[%clk 1:29:19]} Ngf6
{[%clk 1:31:36]} 6. Nxf6+ {[%clk 1:27:58]} Nxf6 {[%clk 1:32:01]} 7. c3
{[%clk 1:28:14]} g6 {[%clk 1:26:27]} 8. Bc4 {[%clk 1:26:06]} Bg7 {[%clk 1:26:43]}
9. Qe2 {[%clk 1:17:09]} O-O {[%clk 1:25:27]} 10. h3 {[%clk 1:14:40]} Qc7
{[%clk 1:15:15]} 11. Ne5 {[%clk 1:10:45]} Nd5 {[%clk 1:10:50]} 12. Bxd5
{[%clk 1:08:02]} cxd5 {[%clk 1:11:16]} 13. Bf4 {[%clk 1:08:15]} Qd8
{[%clk 1:05:15]} 14. O-O {[%clk 1:02:01]} Re8 {[%clk 1:00:30]} 15. Rae1
{[%clk 0:55:55]} Bf5 {[%clk 0:47:52]} 16. Qb5 {[%clk 0:51:20]} f6
{[%clk 0:44:17]} 17. Nf3 {[%clk 0:45:26]} Qd7 {[%clk 0:38:57]} 18. Qxd7
{[%clk 0:41:37]} Bxd7 {[%clk 0:39:24]} 19. Re3 {[%clk 0:41:45]} Rac8
{[%clk 0:38:03]} 20. Rfe1 {[%clk 0:41:02]} Kf7 {[%clk 0:38:08]} 21. g4
{[%clk 0:40:32]} Rc6 {[%clk 0:32:58]} 22. Kh2 {[%clk 0:28:25]} Bf8
{[%clk 0:29:38]} 23. g5 {[%clk 0:25:12]} Rec8 {[%clk 0:22:28]} 24. Kg3
{[%clk 0:16:42]} Re6 {[%clk 0:20:37]} 25. h4 {[%clk 0:15:21]} Rxe3
{[%clk 0:18:56]} 26. Rxe3 {[%clk 0:14:37]} Bf5 {[%clk 0:17:44]} 27. Nd2
{[%clk 0:11:38]} a5 {[%clk 0:16:42]} 28. Re1 {[%clk 0:07:40]} Rc6
{[%clk 0:14:36]} 29. Rc1 {[%clk 0:06:23]} Bd3 {[%clk 0:12:57]} 30. Nb3
{[%clk 0:04:35]} b6 {[%clk 0:12:42]} 31. Nd2 {[%clk 0:04:13]} Ke6
{[%clk 0:09:42]} 32. b3 {[%clk 0:02:53]} b5 {[%clk 0:09:18]} 33. Kf3
{[%clk 0:02:22]} Bg7 {[%clk 0:05:04]} 34. Ke3 {[%clk 0:01:57]} Bf5
{[%clk 0:01:48]} 35. c4 {[%clk 0:01:15]} bxc4 {[%clk 0:02:17]} 36. bxc4
{[%clk 0:01:40]} dxc4 {[%clk 0:02:43]} 37. Rxc4 {[%clk 0:02:00]} Kd5
{[%clk 0:02:48]} 38. Ra4 {[%clk 0:00:50]} Rc3+ {[%clk 0:02:51]} 39. Ke2
{[%clk 0:01:19]} Bd3+ {[%clk 0:02:20]} 0-1

[Event "PMPJ 2022 - C17"]
[Site "Jastrzebia Gora"]
[Date "2022.11.06"]
[Round "1.2"]
[White "Raba, Bartosz"]
[Black "Rychlik, Michal"]
[Result "1/2-1/2"]
[BlackElo "1604"]
[WhiteElo "1896"]
[LiveChessVersion "1.4.8"]

1. e4 {[%clk 1:29:58]} e5 {[%clk 1:30:52]} 2. Nf3 {[%clk 1:29:44]} Nf6
{[%clk 1:31:16]} 3. Nxe5 {[%clk 1:28:58]} d6 {[%clk 1:31:27]} 4. Nf3
{[%clk 1:28:15]} Nxe4 {[%clk 1:31:50]} 5. d4 {[%clk 1:28:11]} d5 {[%clk 1:32:15]}
6. Bd3 {[%clk 1:27:37]} Bd6 {[%clk 1:32:36]} 7. O-O {[%clk 1:27:10]} O-O
{[%clk 1:32:41]} 8. h3 {[%clk 1:25:48]} Bf5 {[%clk 1:31:18]} 9. Re1
{[%clk 1:24:22]} Re8 {[%clk 1:29:10]} 10. Be3 {[%clk 1:19:54]} Bg6
{[%clk 1:27:14]} 11. c4 {[%clk 1:14:16]} c6 {[%clk 1:27:39]} 12. Nc3
{[%clk 1:13:15]} Nxc3 {[%clk 1:23:53]} 13. bxc3 {[%clk 1:12:55]} Bxd3
{[%clk 1:23:44]} 14. Qxd3 {[%clk 1:13:13]} dxc4 {[%clk 1:24:08]} 15. Qxc4
{[%clk 1:13:22]} Nd7 {[%clk 1:24:03]} 16. Ng5 {[%clk 1:10:00]} Re7
{[%clk 1:13:40]} 17. Bd2 {[%clk 1:00:21]} Nf6 {[%clk 1:10:47]} 18. Qb3
{[%clk 0:53:58]} h6 {[%clk 1:01:03]} 19. Rxe7 {[%clk 0:52:31]} Qxe7
{[%clk 1:01:21]} 20. Re1 {[%clk 0:52:34]} Qd7 {[%clk 0:53:17]} 21. Nf3
{[%clk 0:44:56]} b5 {[%clk 0:50:02]} 22. c4 {[%clk 0:39:47]} Re8 {[%clk 0:45:40]}
23. Rd1 {[%clk 0:35:28]} Re6 {[%clk 0:37:56]} 24. cxb5 {[%clk 0:22:55]} cxb5
{[%clk 0:37:57]} 25. Ne5 {[%clk 0:21:41]} Bxe5 {[%clk 0:20:48]} 26. dxe5
{[%clk 0:21:15]} Rxe5 {[%clk 0:21:09]} 27. Bxh6 {[%clk 0:13:40]} Rd5
{[%clk 0:19:11]} 28. Rxd5 {[%clk 0:13:24]} Qxd5 {[%clk 0:19:32]} 29. Qg3
{[%clk 0:11:44]} Ne8 {[%clk 0:17:47]} 30. Be3 {[%clk 0:09:42]} a5
{[%clk 0:16:04]} 31. Qb8 {[%clk 0:09:46]} Qd1+ {[%clk 0:16:10]} 32. Kh2
{[%clk 0:09:28]} Qd6+ {[%clk 0:15:48]} 33. Qxd6 {[%clk 0:08:17]} Nxd6
{[%clk 0:16:11]} 34. Kg3 {[%clk 0:08:37]} b4 {[%clk 0:13:05]} 35. Kf3
{[%clk 0:07:45]} a4 {[%clk 0:12:17]} 36. Ke2 {[%clk 0:06:59]} Nb5
{[%clk 0:07:16]} 37. Bd2 {[%clk 0:06:38]} b3 {[%clk 0:04:23]} 38. axb3
{[%clk 0:07:01]} axb3 {[%clk 0:01:16]} 39. Kd3 {[%clk 0:06:46]} Nd6
{[%clk 0:00:37]} 40. Bc1 {[%clk 0:05:59]} f6 {[%clk 0:00:33]} 41. Ba3
{[%clk 0:06:01]} Nf5 {[%clk 0:00:36]} 42. Kc3 {[%clk 0:06:04]} Kf7
{[%clk 0:00:51]} 43. Kxb3 {[%clk 0:06:23]} g5 {[%clk 0:00:41]} 44. Kc4
{[%clk 0:06:28]} Nh6 {[%clk 0:00:34]} 45. Kd5 {[%clk 0:06:37]} Ng8
{[%clk 0:00:33]} 46. Ke4 {[%clk 0:05:40]} Kg6 {[%clk 0:00:35]} 47. g4
{[%clk 0:05:30]} Nh6 {[%clk 0:00:54]} 48. f3 {[%clk 0:05:26]} f5+
{[%clk 0:00:34]} 49. Ke5 {[%clk 0:05:47]} fxg4 {[%clk 0:00:33]} 50. hxg4
{[%clk 0:06:07]} Ng8 {[%clk 0:00:34]} 51. Ke6 {[%clk 0:05:59]} Nf6
{[%clk 0:00:38]} 52. Bb2 {[%clk 0:05:49]} Ng8 {[%clk 0:00:42]} 53. Be5
{[%clk 0:03:06]} Nh6 {[%clk 0:01:03]} 54. Ke7 {[%clk 0:02:57]} Ng8+
{[%clk 0:01:04]} 55. Ke6 {[%clk 0:02:41]} Nh6 {[%clk 0:01:22]} 56. Bd6
{[%clk 0:02:44]} Ng8 {[%clk 0:01:27]} 57. Be7 {[%clk 0:01:10]} Nh6
{[%clk 0:01:42]} 58. Bd8 {[%clk 0:01:13]} Nf7 {[%clk 0:01:42]} 59. Be7
{[%clk 0:01:08]} Nh6 {[%clk 0:02:02]} 60. Bd6 {[%clk 0:00:51]} Ng8
{[%clk 0:02:00]} 1/2-1/2